[Event "Mecklenburg VP LL2 Ost 0910"]
[Site "Mecklenburg VP"]
[Date "2010.02.28"]
[Round "7.2"]
[White "Riebort, Frank"]
[Black "Gebert Vangeel, Ralf"]
[Result "1-0"]
[WhiteElo "1956"]
[BlackElo "1935"]
[PlyCount "91"]
[EventDate "2009.10.18"]
[EventType "team-tourn"]
[EventRounds "9"]
[EventCountry "GER"]
[SourceTitle "EXT 2016"]
[Source "ChessBase"]
[SourceDate "2015.10.08"]
[SourceVersion "1"]
[SourceVersionDate "2015.10.08"]
[SourceQuality "1"]
[WhiteTeam "Wolgast Motor"]
[BlackTeam "Guestrow/Teterow"]
[WhiteTeamCountry "GER"]
[BlackTeamCountry "GER"]

1. d4 d5 2. c4 c6 3. Nc3 e6 4. Nf3 Nf6 5. Bg5 Nbd7 6. e3 Qa5 7. Nd2 Bb4 8. Qc2 Ne4 9. Ndxe4 dxe4 10. Bh4 h5 11. h3 Nb6 12. Qb3 Bd7 13. Be2 c5 14. 0-0 Bxc3 15. Qxc3 Qxc3 16. bxc3 Na4 17. Rfc1 f6 18. Rab1 Bc6 19. f3 0-0-0 20. Rb3 g5 21. Bg3 exf3 22. gxf3 g4 23. fxg4 hxg4 24. h4 f5 25. Ra3 Rh7 26. Rd1 a6 27. Rd2 cxd4 28. cxd4 Nc5 29. Bd3 Nxd3 30. Raxd3 Be4 31. Rc3 Kd7 32. Rb2 Rc8 33. Rb6 Rh6 34. d5 Bxd5 35. Rd3 Rxc4 36. Rxd5+ exd5 37. Rxh6 Rc1+ 38. Kg2 Rc2+ 39. Bf2 Rxa2 40. Rf6 Ra4 41. h5 Rc4 42. Rf7+ Ke8 43. Rxb7 Rc6 44. Kg3 Kf8 45. Kf4 Rf6 46. Kg5 1-0